000 00450nam a2200133 4500
999 _c7644
_d7644
008 171102b xxu||||| |||| 00| 0 eng d
022 _a01181831
082 _aDPer 613.05 H34 Jul-Nov 2013
245 _aSeeing children's bright future:
_bwhat parents should know about children's spectacles.
260 _aPhilippines:
_bMIMS Pte Ltd KDN,
_c©2013.
300 _apages 51-53:
_billustrations;
_c28 cm.
650 0 _923072
_aEye.
942 _2ddc
_cPER